Μαρξισμός και φιλοσοφία
Αποθηκεύτηκε σε:
| Κύριος συγγραφέας: | |
|---|---|
| Άλλοι συγγραφείς: | , |
| Μορφή: | Βιβλίο |
| Γλώσσα: | Greek German |
| Δημοσίευση: |
Αθήνα :
Ύψιλον / Βιβλία,
1981.
|
| Σειρά: | Μικρά βιβλία (Ύψιλον / Βιβλία)
12 |
| Θέματα: | |
| Ετικέτες: |
Προσθήκη ετικέτας
Δεν υπάρχουν, Καταχωρήστε ετικέτα πρώτοι!
|
MARC
| LEADER | 00000cam a2200000 i 4500 | ||
|---|---|---|---|
| 001 | 1/89472 | ||
| 008 | 961118s1981 gr | ||| |||| ||gre|| | ||
| 035 | |l 10007221 | ||
| 040 | |a GR-MyUA |b gre |e AACR2 | ||
| 041 | 1 | |a gre |a ger | |
| 082 | 7 | |a 335.401 |2 (22) | |
| 082 | 7 | |a 335.411 |2 (23) | |
| 100 | 1 | |a Korsch, Karl, |d 1886-1961. | |
| 245 | 1 | 0 | |a Μαρξισμός και φιλοσοφία / |c Καρλ Κορς ; μετάφραση Μανόλης Λαμπρίδης, Γεράσιμος Λυκιαρδόπουλος. |
| 260 | |a Αθήνα : |b Ύψιλον / Βιβλία, |c 1981. | ||
| 300 | |a 196 σ. ; |c 18 εκ. | ||
| 490 | 1 | |a (Μικρά βιβλία / Ύψιλον/Βιβλία ; |v 12) | |
| 500 | |a Τίτλος πρωτοτύπου: Marxismus und philosophie. | ||
| 600 | 1 | 0 | |a Marx, Karl, |d 1818-1883. |
| 650 | 0 | |a Dialectical materialism. | |
| 650 | 0 | |a Philosophy, Μarxist. | |
| 700 | 1 | |a Λαμπρίδης, Μανόλης, |e trl | |
| 700 | 1 | |a Λυκιαρδόπουλος, Γεράσιμος, |d 1936- |e trl | |
| 830 | 0 | |a Μικρά βιβλία (Ύψιλον / Βιβλία) |v 12 | |
| 852 | |a INST |b LESVOS |e 19961118 |h 335.401 KOR |p 005100012462 |q 005100012462 |t BK |y 0 | ||
| 852 | |a INST |b SYROS |e 20210329 |h 335.411 KOR |p 005500014341 |q 005500014341 |t BK |y 0 | ||